|
|
|
|
| LEADER |
00000nam0a2200000 4500 |
| 001 |
315899 |
| 005 |
20231102002825.0 |
| 010 |
|
|
|a 9785392195503
|
| 035 |
|
|
|a (RuTPU)RU\TPU\book\341336
|
| 035 |
|
|
|a RU\TPU\book\252924
|
| 090 |
|
|
|a 315899
|
| 100 |
|
|
|a 20130207d2016 m y0rusy50 ca
|
| 101 |
0 |
|
|a rus
|
| 102 |
|
|
|a RU
|
| 105 |
|
|
|a a j 001zy
|
| 200 |
1 |
|
|a Организация предпринимательской деятельности
|e учебник
|f А. Н. Асаул [и др.]
|
| 205 |
|
|
|a 5-е изд., перераб. и доп.
|
| 210 |
|
|
|a Москва
|c Проспект
|d 2016
|
| 215 |
|
|
|a 400 с.
|c ил.
|
| 320 |
|
|
|a Библиография в конце глав
|
| 330 |
|
|
|a Учебник дает системное представление об основах организации предпринимательской деятельности и способствует формированию инновационного мировоззрения. Последовательно рассматриваются история становления и этапы развития предпринимательства в России, сущность и методы предпринимательской деятельности, среда и типы предпринимательских структур, кластерная организация предпринимательской деятельности. Большое внимание уделено практическим вопросам, связанным с поиском предпринимательской идеи, защитой информационных ресурсов и обеспечением безопасности предпринимательской деятельности. Все проблемы рассматриваются с учетом конкретных условий развития рыночных отношений в современной России. Соответствует стандартам ФГОС-3. Предназначен для студентов, обучающихся по направлениям подготовки 222000 "Инноватика" (квалификация (степень) "Бакалавр"); 080100 "Экономика" (квалификация (степень) "Бакалавр"); 38.03.02 "Менеджмент" (уровень бакалавриата); 27.04.05 "Инноватика" (уровень магистратуры); 38.04.01 "Экономика" (уровень магистратуры); 38.04.02 "Менеджмент" (уровень магистратуры), а также для аспирантов, преподавателей экономических вузов и факультетов и предпринимателей различных сфер деятельности.
|
| 606 |
1 |
|
|a Предпринимательская деятельность
|2 stltpush
|3 (RuTPU)RU\TPU\subj\36666
|9 57967
|
| 610 |
1 |
|
|a экономические отношения
|
| 610 |
1 |
|
|a предпринимательство
|
| 610 |
1 |
|
|a теория
|
| 610 |
1 |
|
|a методология
|
| 610 |
1 |
|
|a субъекты
|
| 610 |
1 |
|
|a предпринимательская культура
|
| 610 |
1 |
|
|a предпринимательские объединения
|
| 610 |
1 |
|
|a бизнес-коммуникации
|
| 610 |
1 |
|
|a межфирменные взаимодействия
|
| 610 |
1 |
|
|a экономическая безопасность
|
| 610 |
1 |
|
|a учебники
|
| 686 |
|
|
|a У012.12я73
|v LBC/SL-A
|2 rubbk
|
| 701 |
|
1 |
|a Асаул
|b А. Н.
|g Анатолий Николаевич
|
| 701 |
|
1 |
|a Войнаренко
|b М. П.
|g Михаил Петрович
|
| 701 |
|
1 |
|a Крюкова
|b И. В.
|g Ирина Владимировна
|
| 701 |
|
1 |
|a Люлин
|b П. Б.
|g Павел Борисович
|
| 801 |
|
1 |
|a RU
|b 63413507
|c 20160311
|
| 801 |
|
2 |
|a RU
|b 63413507
|c 20160609
|g RCR
|
| 900 |
|
|
|a Организация предпринимательской деятельности
|
| 942 |
|
|
|c BK
|
| 952 |
|
|
|l 8
|
| 959 |
|
|
|a 25/20160225
|d 1
|e 0
|f ЧЗГЛ:1
|